| 000 | 00483nam a22001817a 4500 | ||
|---|---|---|---|
| 005 | 20260422161551.0 | ||
| 008 | 260422b |||||||| |||| 00| 0 eng d | ||
| 020 |
_a9780443330964 _c20997.06 |
||
| 040 | _aMAIN | ||
| 041 | _aEnglish | ||
| 082 |
_a620 _bDAR |
||
| 100 |
_aDarzi, Ghasem Nanapour _926689 |
||
| 245 | _aBiochemical Engineering And Biotechnology | ||
| 260 |
_aUnited Kingdom _bElsevier _c2025 |
||
| 300 | _a944 | ||
| 650 |
_aBiological Science _914046 |
||
| 942 | _cBK | ||
| 999 |
_c60688 _d60688 |
||